[Event "PohÃ¡r mÄ›sta Å˜Ã­Ä�any 2020"]
[Site "MÄ›stskÃ© kulturnÃ­ stÅ™edisko U labutÄ›"]
[Date "2020.08.23"]
[Round "3.19"]
[White "Ocelak, Jakub"]
[Black "Vit, Zdenek"]
[Result "1-0"]
[WhiteElo "1949"]
[BlackElo "1703"]
[PlyCount "0"]
[EventDate "2020.08.22"]

1. b3 Nf6 2. Bb2 e6 3. Nf3 c5 4. e3 Nc6 5. c4 d5 6. cxd5 exd5 7. Bb5 Bd7 8. O-O
Be7 9. Bxc6 Bxc6 10. d4 O-O 11. Nbd2 b6 12. Rc1 Bb7 13. Ne5 Ne4 14. Nxe4 dxe4
15. dxc5 Ba6 16. Nc6 Qe8 17. Qg4 f6 18. Qe6+ Rf7 19. cxb6 axb6 20. Rfd1 Bd3
21. a4 Bc5 22. Qxe8+ Rxe8 23. Bd4 Rc7 24. Nb4 Rec8 25. Nd5 Bxd4 26. Ne7+ Kf7
27. Nxc8 Bc5 28. b4 Rxc8 29. bxc5 bxc5 30. f3 Be2 31. Rd7+ Ke6 32. Rxg7 exf3
33. Kf2 1-0

[Event "PohÃ¡r mÄ›sta Å˜Ã­Ä�any 2020"]
[Site "MÄ›stskÃ© kulturnÃ­ stÅ™edisko U labutÄ›"]
[Date "2020.08.23"]
[Round "3.20"]
[White "Vavrinec, Tomas"]
[Black "Pecka, Jan"]
[Result "1-0"]
[WhiteElo "1927"]
[BlackElo "1610"]
[PlyCount "0"]
[EventDate "2020.08.22"]

1. c4 Nf6 2. Nc3 e6 3. e4 c5 4. e5 Ng8 5. Nf3 Nc6 6. d4 cxd4 7. Nxd4 Nxe5
8. Bf4 Ng6 9. Bg3 a6 10. Qa4 e5 11. Nf5 Qb6 12. O-O-O Qc6 13. Bd3 N8e7 14. Be4
Nxf5 15. Bxc6 bxc6 16. Rhe1 Nxg3 17. hxg3 f5 18. f4 e4 19. g4 Nxf4 20. gxf5 Be7
21. Rxe4 Nh5 22. Qb4 1-0

[Event "PohÃ¡r mÄ›sta Å˜Ã­Ä�any 2020"]
[Site "MÄ›stskÃ© kulturnÃ­ stÅ™edisko U labutÄ›"]
[Date "2020.08.23"]
[Round "3.21"]
[White "Kalvach, Ladislav"]
[Black "Kopecky, Jiri"]
[Result "0-1"]
[WhiteElo "1761"]
[BlackElo "1921"]
[PlyCount "0"]
[EventDate "2020.08.22"]

1. c4 Nf6 2. g3 c5 3. Bg2 Nc6 4. Nc3 g6 5. e3 Bg7 6. Nge2 d6 7. O-O Bg4 8. h3
Bd7 9. d4 O-O 10. b3 Qa5 11. Bd2 cxd4 12. Nb5 Qd8 13. exd4 a6 14. Nbc3 Qc8
15. Kh2 Nd8 16. Rc1 Bc6 17. d5 Bd7 18. Nf4 Re8 19. Re1 b6 20. Ne4 a5 21. g4 h6
22. Nxf6+ Bxf6 23. Qc2 Kg7 24. Be4 Be5 25. Bc3 f5 26. gxf5 Bxf5 27. Bxe5+ dxe5
28. Nxg6 Kxg6 29. Re3 Nf7 30. Rg1+ Kf6 31. Rf3 Nd6 32. Bxf5 Nxf5 33. Qe4 e6
34. Qh4+ Kf7 35. Qxh6 Ke7 36. Qh7+ Kd6 37. dxe6 Nd4 38. Rd1 Qxe6 39. Rg3 Re7
40. Qe4 Rf8 41. Rg6 Rf6 42. Rxf6 Qxf6 43. f4 Kc7 44. fxe5 Qf2+ 45. Kh1 Nf3
46. Qf4 Rh7 47. e6+ Kb7 48. Qe4+ Ka7 49. Qxh7+ Ka6 0-1

[Event "PohÃ¡r mÄ›sta Å˜Ã­Ä�any 2020"]
[Site "MÄ›stskÃ© kulturnÃ­ stÅ™edisko U labutÄ›"]
[Date "2020.08.23"]
[Round "3.22"]
[White "Skala, Jaromir"]
[Black "Rousek, Jan"]
[Result "1-0"]
[WhiteElo "1891"]
[BlackElo "1665"]
[PlyCount "0"]
[EventDate "2020.08.22"]

1. d4 d5 2. Nf3 Nc6 3. Bf4 Bg4 4. e3 e6 5. Be2 Bd6 6. Bxd6 cxd6 7. O-O Nf6
8. Na3 O-O 9. c4 dxc4 10. Nxc4 Rc8 11. Rc1 d5 12. Ncd2 h6 13. a3 a5 14. Qb3 Ne4
15. Bd3 Nxd2 16. Nxd2 b6 17. Ba6 Rc7 18. Qxb6 Qd6 19. Bb7 Rb8 20. Rxc6 Qxc6
21. Qxc6 1-0

[Event "PohÃ¡r mÄ›sta Å˜Ã­Ä�any 2020"]
[Site "MÄ›stskÃ© kulturnÃ­ stÅ™edisko U labutÄ›"]
[Date "2020.08.23"]
[Round "3.23"]
[White "Koper, Stefan"]
[Black "Kuhnmund, Ivan"]
[Result "1/2-1/2"]
[WhiteElo "1871"]
[BlackElo "1682"]
[PlyCount "0"]
[EventDate "2020.08.22"]

1. d4 f5 2. h3 d6 3. c4 Nf6 4. Nc3 e6 5. Bg5 Be7 6. Bxf6 Bxf6 7. e3 O-O 8. Qc2
Qe7 9. Bd3 g6 10. Nf3 c6 11. e4 fxe4 12. Nxe4 Bg7 13. c5 d5 14. Nd6 Nd7 15. O-O
e5 16. dxe5 Nxe5 17. Nxe5 Bxe5 18. Rac1 Qf6 19. Nxc8 Raxc8 20. b4 Bc3 21. Rb1
Rf7 22. Be2 Rd8 23. Rb3 Be5 24. Rf3 Qg5 25. Rxf7 Kxf7 26. Qd3 Qf4 27. Qf3 Qxf3
28. Bxf3 Bc3 29. b5 a6 30. bxa6 bxa6 31. Bg4 Ke7 32. Rb1 h5 33. Rb7+ Kf6 34. Bd7
1/2-1/2

[Event "PohÃ¡r mÄ›sta Å˜Ã­Ä�any 2020"]
[Site "MÄ›stskÃ© kulturnÃ­ stÅ™edisko U labutÄ›"]
[Date "2020.08.23"]
[Round "3.24"]
[White "Konvalinka, Vladislav"]
[Black "Kacirek, Pavel"]
[Result "0-1"]
[WhiteElo "1731"]
[BlackElo "1778"]
[PlyCount "0"]
[EventDate "2020.08.22"]

1. d4 d5 2. c4 c6 3. cxd5 cxd5 4. Bf4 Nc6 5. e3 e6 6. Nc3 Bd6 7. Bxd6 Qxd6
8. Rc1 a6 9. Bd3 Nge7 10. Nf3 Ng6 11. O-O O-O 12. Ng5 h6 13. Nf3 b5 14. Bxg6
fxg6 15. Qc2 Ne7 16. Ne5 g5 17. Ne2 Ra7 18. Qc5 Qxc5 19. Rxc5 Nf5 20. Rfc1 Nd6
21. b3 Ra8 22. Ng3 Bb7 23. Nh5 Rfc8 24. Ng6 Kh7 25. Ne5 Rxc5 26. dxc5 Rc8
27. Nd3 Nf7 28. Ng3 Kg6 29. Ne2 e5 30. Kf1 Kf6 31. Nb4 Nd8 32. c6 Nxc6 33. Nxd5+
Ke6 34. Ndc3 Nb4 35. a3 Nd5 36. b4 Nb6 37. f3 Nc4 38. a4 Nxe3+ 39. Kf2 Nd5 0-1

[Event "PohÃ¡r mÄ›sta Å˜Ã­Ä�any 2020"]
[Site "MÄ›stskÃ© kulturnÃ­ stÅ™edisko U labutÄ›"]
[Date "2020.08.23"]
[Round "3.25"]
[White "Harcuba, Adam"]
[Black "Popovsky, Ondrej"]
[Result "1-0"]
[WhiteElo "1637"]
[BlackElo "1766"]
[PlyCount "0"]
[EventDate "2020.08.22"]

1. d4 d5 2. Nf3 Nf6 3. e3 e6 4. Bd3 c5 5. c3 Nbd7 6. Nbd2 b6 7. O-O Bb7 8. b3
Bd6 9. Bb2 O-O 10. c4 Ne4 11. cxd5 exd5 12. Ne5 Nxe5 13. dxe5 Bc7 14. f4 f5
15. exf6 Nxf6 16. Nf3 Qe7 17. Re1 Rad8 18. Qc2 Ne4 19. Rad1 Bc8 20. Be5 Bxe5
21. Nxe5 Bb7 22. Bxe4 dxe4 23. Qc4+ Kh8 24. Rxd8 Qxd8 25. Nf7+ Rxf7 26. Qxf7 Bc8
27. Qh5 Ba6 28. Rd1 Bd3 29. Qe5 Qc8 30. f5 b5 31. Rd2 c4 32. bxc4 bxc4 33. Rb2
1-0

[Event "PohÃ¡r mÄ›sta Å˜Ã­Ä�any 2020"]
[Site "MÄ›stskÃ© kulturnÃ­ stÅ™edisko U labutÄ›"]
[Date "2020.08.23"]
[Round "3.26"]
[White "Pejrimovska, Viola Ruby"]
[Black "Chmelik, Ladislav"]
[Result "1-0"]
[WhiteElo "1569"]
[BlackElo "1774"]
[PlyCount "0"]
[EventDate "2020.08.22"]

1. e4 c5 2. b4 e6 3. bxc5 Bxc5 4. d4 Bb4+ 5. c3 Be7 6. f4 d5 7. e5 Nh6 8. Nf3
O-O 9. Bd3 f6 10. O-O Nc6 11. exf6 Bxf6 12. Ng5 g6 13. Nd2 Nxd4 14. cxd4 Bxd4+
15. Kh1 Bxa1 16. Ba3 Bg7 17. Bxf8 Qxf8 18. Qb1 Nf5 19. g4 Ne7 20. Qe1 Qf6
21. Ndf3 h6 22. Nh3 Bd7 23. Ne5 Be8 24. g5 hxg5 25. Ng4 Qc3 26. Qxe6+ Kh8
27. Nxg5 Qxd3 28. Rf3 Qd1+ 29. Kg2 Nf5 30. Rh3+ Nh6 31. Nxh6 Qc2+ 32. Kg3 Qd3+
33. Nf3 Bxh6 34. Qf6+ Kh7 35. Rxh6+ 1-0

[Event "PohÃ¡r mÄ›sta Å˜Ã­Ä�any 2020"]
[Site "MÄ›stskÃ© kulturnÃ­ stÅ™edisko U labutÄ›"]
[Date "2020.08.23"]
[Round "3.27"]
[White "Holub, Adam"]
[Black "Studzinski, Boleslav"]
[Result "1-0"]
[WhiteElo "1746"]
[BlackElo "1678"]
[PlyCount "0"]
[EventDate "2020.08.22"]

1. e4 d5 2. exd5 Qxd5 3. Nf3 Nf6 4. Nc3 Qa5 5. b3 c6 6. Bc4 h6 7. d3 Bf5 8. Qe2
e6 9. g4 Bh7 10. Ne5 Nd5 11. Bd2 Qc7 12. O-O-O Bd6 13. Nf3 a6 14. Bxd5 cxd5
15. Nxd5 Qc6 16. Nc3 Nd7 17. Nd4 Qc8 18. Nxe6 Ne5 19. Nxg7+ Kd7 20. Nf5 Re8
21. Nxd6 Kxd6 22. Bf4 Kd7 23. Bxe5 f6 24. Qf3 fxe5 25. Nd5 Re6 26. Qf7+ Kd6
27. Nb6 Qc6 28. Nc4+ Kc5 29. Qxh7 b5 30. Na5 Qd6 1-0

[Event "PohÃ¡r mÄ›sta Å˜Ã­Ä�any 2020"]
[Site "MÄ›stskÃ© kulturnÃ­ stÅ™edisko U labutÄ›"]
[Date "2020.08.23"]
[Round "3.28"]
[White "Feierfeil, Jiri"]
[Black "Hozda, Max"]
[Result "0-1"]
[WhiteElo "1719"]
[BlackElo "1630"]
[PlyCount "0"]
[EventDate "2020.08.22"]

1. d4 d5 2. Bf4 Nf6 3. e3 Bf5 4. Nf3 e6 5. Nbd2 c5 6. c3 Nc6 7. Be2 cxd4
8. exd4 Bd6 9. Ne5 Qc7 10. Bb5 a6 11. Bxc6+ bxc6 12. Qa4 O-O 13. h3 Bg6 14. Bh2
c5 15. Nxg6 hxg6 16. Bxd6 Qxd6 17. dxc5 Qxc5 18. Nb3 Qc7 19. O-O Ne4 20. Rad1
Nd6 21. Qf4 Qb6 22. Qd4 Qb7 23. Rfe1 Nc4 24. Re2 a5 25. Nc5 Qb5 26. b3 Nb6
27. a3 Qxe2 28. Rd3 e5 29. Qh4 Rfc8 30. Re3 Qd1+ 0-1

[Event "PohÃ¡r mÄ›sta Å˜Ã­Ä�any 2020"]
[Site "MÄ›stskÃ© kulturnÃ­ stÅ™edisko U labutÄ›"]
[Date "2020.08.23"]
[Round "3.29"]
[White "Neuhoff, Laertes"]
[Black "Rucabado, Stefan"]
[Result "1-0"]
[WhiteElo "1700"]
[BlackElo "1570"]
[PlyCount "0"]
[EventDate "2020.08.22"]

1. e4 e6 2. d4 d5 3. Nd2 c5 4. exd5 exd5 5. Bb5+ Bd7 6. Bxd7+ Qxd7 7. Ngf3 Nf6
8. O-O Be7 9. dxc5 Bxc5 10. Nb3 Be7 11. Re1 O-O 12. Bg5 Nc6 13. c3 h6 14. Bh4
Rad8 15. Qc2 Ne4 16. Bxe7 Nxe7 17. Rad1 Qg4 18. Nfd2 Ng5 19. Qd3 Nf5 20. h3 Qf4
21. Nf1 Ne4 22. f3 Ng5 23. Nd4 Ng3 24. Ne2 Nxe2+ 25. Rxe2 Rd6 26. Qd4 Qf5
27. Re5 Qg6 28. Kh1 Ne6 29. Qd3 Qxd3 30. Rxd3 Rfd8 31. Ne3 d4 32. Nf5 R6d7
33. Nxd4 Nxd4 34. cxd4 Rxd4 35. Rxd4 Rxd4 36. Re7 Rb4 37. b3 Kf8 38. Rc7 Ke8
39. Kh2 a5 40. Kg3 a4 41. bxa4 Rxa4 42. Rxb7 Rxa2 43. f4 Rd2 44. Kf3 Rd7
45. Rxd7 Kxd7 46. Ke4 Ke6 47. g4 g6 48. f5+ Kf6 49. Kf4 Kg7 50. Ke5 g5 51. Kd6
Kf6 52. Kd7 h5 53. gxh5 Kxf5 54. Ke7 f6 55. Kf7 g4 56. hxg4+ Kxg4 57. h6 f5
58. h7 f4 59. h8=Q f3 60. Qa1 1-0

[Event "PohÃ¡r mÄ›sta Å˜Ã­Ä�any 2020"]
[Site "MÄ›stskÃ© kulturnÃ­ stÅ™edisko U labutÄ›"]
[Date "2020.08.24"]
[Round "4.1"]
[White "Plischki, Sebastian"]
[Black "Reljic, Michael"]
[Result "1/2-1/2"]
[WhiteElo "2356"]
[BlackElo "1957"]
[PlyCount "0"]
[EventDate "2020.08.22"]

1. Nf3 d5 2. g3 e6 3. Bg2 Nf6 4. O-O Be7 5. c4 O-O 6. d4 dxc4 7. Qc2 Nbd7
8. Qxc4 Nb6 9. Qc2 c6 10. e4 Bd7 11. Nc3 Rc8 12. Rd1 c5 13. Qe2 cxd4 14. Nxd4
Bb4 15. Ndb5 Bxc3 16. Nxc3 Qe7 17. Bg5 h6 18. Bxf6 gxf6 19. e5 Bc6 20. Qg4+ Kh7
21. Qh4 Nd7 22. Bxc6 Rxc6 23. Ne4 Nxe5 24. Nxf6+ Kg6 25. Qh5+ Kg7 26. Qxe5 Qxf6
27. Qe2 Rfc8 28. Rd2 Qf5 29. Rad1 R8c7 30. Qe3 a6 31. Rd4 Rc2 32. Rf4 Qg5 33. h3
R7c4 34. Rxc4 Rxc4 35. Qf3 Qb5 36. b3 Rc2 37. a4 Qe2 38. Qxe2 Rxe2 39. Rd7 b5
40. axb5 axb5 41. Rb7 Re5 42. Kg2 Rd5 43. Kf1 Re5 44. Kg2 Rd5 45. b4 Kg6 46. f4
h5 47. Kf3 f5 48. Ke3 Kf6 49. h4 Kg6 50. Rb8 Kg7 51. Re8 Rd6 52. Rc8 Rd5 53. Re8
Rd6 54. Rc8 Kg6 55. Rc7 Rd5 56. Rc8 Kg7 {tah 57 neï¿½itelnï¿½} 1/2-1/2

[Event "PohÃ¡r mÄ›sta Å˜Ã­Ä�any 2020"]
[Site "MÄ›stskÃ© kulturnÃ­ stÅ™edisko U labutÄ›"]
[Date "2020.08.24"]
[Round "4.2"]
[White "Voracek, Zdenek"]
[Black "Vojta, Tomas"]
[Result "1/2-1/2"]
[WhiteElo "1903"]
[BlackElo "2328"]
[PlyCount "0"]
[EventDate "2020.08.22"]

1. d4 d5 2. c4 Nc6 3. e3 e5 4. dxe5 d4 5. exd4 Qxd4 6. Qxd4 Nxd4 7. Bd3 Bg4
8. f3 Be6 9. Nc3 O-O-O 10. f4 Nh6 11. Bd2 Bb4 12. O-O-O Ng4 13. Nh3 Nb3+
14. axb3 Rxd3 15. Be1 Rxd1+ 16. Nxd1 Bxe1 17. Rxe1 Nxh2 18. Ne3 Bxh3 19. gxh3
Nf3 20. Rd1 Nh4 21. Rd4 Re8 22. Nd5 Nf5 23. Rd3 Rd8 24. Kd2 h5 25. b4 c6 26. Nc3
Rxd3+ 27. Kxd3 Kd7 28. Ne4 b6 29. c5 Ke6 30. Nd6 b5 31. Ke4 g6 32. Nc8 a6
33. Nd6 Ne7 34. h4 Nd5 35. f5+ gxf5+ 36. Nxf5 Nxb4 37. Ng7+ Ke7 38. Nxh5 Nd5
39. Ng3 a5 40. Nf5+ Kf8 41. Nd4 Ne7 42. h5 Kg7 43. Nf5+ Nxf5 44. Kxf5 a4 45. h6+
Kxh6 46. Kf6 b4 47. Kxf7 a3 48. bxa3 bxa3 49. e6 a2 50. e7 a1=Q 51. e8=Q Qg7+
52. Ke6 Qg4+ 53. Kd6 Qd4+ 54. Kc7 Qxc5 55. Qxc6+ Qxc6+ 56. Kxc6 1/2-1/2

[Event "PohÃ¡r mÄ›sta Å˜Ã­Ä�any 2020"]
[Site "MÄ›stskÃ© kulturnÃ­ stÅ™edisko U labutÄ›"]
[Date "2020.08.24"]
[Round "4.3"]
[White "Le, Anh Dung"]
[Black "Petr, Jakub"]
[Result "0-1"]
[WhiteElo "1616"]
[BlackElo "2236"]
[PlyCount "0"]
[EventDate "2020.08.22"]

1. e4 c6 2. b3 d5 3. Bb2 dxe4 4. Nc3 Nf6 5. Qe2 Bf5 6. O-O-O Nbd7 7. h3 Qa5
8. g4 Bg6 9. Kb1 O-O-O 10. Bg2 h5 11. f4 exf3 12. Nxf3 hxg4 13. hxg4 Rxh1
14. Rxh1 Nxg4 15. Rh4 Ngf6 16. Ra4 Qb6 17. d4 e6 18. Rc4 Kb8 19. Na4 Qc7 20. Nc5
Nb6 21. Nxb7 Nxc4 22. Nxd8 Na5 23. Ne5 Qxd8 24. Bxc6 Qb6 25. Qh2 Bd6 26. Nd7+
Kc7 27. Ne5 Nxc6 0-1

[Event "PohÃ¡r mÄ›sta Å˜Ã­Ä�any 2020"]
[Site "MÄ›stskÃ© kulturnÃ­ stÅ™edisko U labutÄ›"]
[Date "2020.08.24"]
[Round "4.4"]
[White "Skypala, Ondrej"]
[Black "Zvolensky, David"]
[Result "0-1"]
[WhiteElo "2129"]
[BlackElo "2048"]
[PlyCount "0"]
[EventDate "2020.08.22"]

1. c4 e6 2. Nf3 d5 3. g3 dxc4 4. Qa4+ Bd7 5. Qxc4 b5 6. Qc2 c5 7. Nc3 Bc6
8. Bg2 Nf6 9. d3 Nbd7 10. O-O Rc8 11. a4 b4 12. Nb5 Qb6 13. Bf4 a6 14. Nc7+ Rxc7
15. Bxc7 Qxc7 16. Bh3 h5 17. Qc4 h4 18. Ng5 Qe5 19. Qxa6 Qxg5 20. Qc8+ Ke7
21. Qxc6 hxg3 22. Bg2 gxf2+ 23. Rxf2 Ng4 24. Raf1 Nxf2 25. Rxf2 Qe3 26. a5 g6
27. Qc7 f5 28. Bc6 Qd4 29. a6 Qd6 30. Qb7 Bg7 31. a7 Bd4 32. Kf1 Bxf2 33. a8=Q
Rxa8 34. Qxa8 Bd4 35. Bxd7 Qxd7 36. Qg8 Qe8 0-1

[Event "PohÃ¡r mÄ›sta Å˜Ã­Ä�any 2020"]
[Site "MÄ›stskÃ© kulturnÃ­ stÅ™edisko U labutÄ›"]
[Date "2020.08.24"]
[Round "4.5"]
[White "Elias, Jakub"]
[Black "Kupsa, Matej"]
[Result "1-0"]
[WhiteElo "1937"]
[BlackElo "2079"]
[PlyCount "0"]
[EventDate "2020.08.22"]

1. e4 c5 2. Nf3 Nf6 3. e5 Nd5 4. c3 Nc6 5. d4 cxd4 6. cxd4 d6 7. Bc4 Nb6 8. Bb5
a6 9. Bxc6+ bxc6 10. O-O d5 11. Nc3 Bg4 12. Bf4 e6 13. Rc1 Be7 14. Qe2 g5
15. Be3 h5 16. Nd1 Rc8 17. Bd2 Nc4 18. Bc3 h4 19. b3 Nb6 20. Ba5 h3 21. g3 Qc7
22. Ne3 Bxf3 23. Qxf3 Qb7 24. Ng4 Nd7 25. Bd2 c5 26. Be3 Rf8 27. dxc5 Nxc5
28. Nf6+ Bxf6 29. Bxc5 Bxe5 30. Bxf8 Kxf8 31. Qh5 Rxc1 32. Rxc1 d4 33. Qxh3 Kg7
34. Qg4 Kg6 35. h4 f6 36. hxg5 f5 37. Qe2 Qd5 38. Re1 d3 39. Qxe5 d2 40. Qxe6+
Kh5 41. Qe2+ 1-0

[Event "PohÃ¡r mÄ›sta Å˜Ã­Ä�any 2020"]
[Site "MÄ›stskÃ© kulturnÃ­ stÅ™edisko U labutÄ›"]
[Date "2020.08.24"]
[Round "4.6"]
[White "Otruba, Marek"]
[Black "Steiner, Juraj"]
[Result "1-0"]
[WhiteElo "2079"]
[BlackElo "1953"]
[PlyCount "0"]
[EventDate "2020.08.22"]

1. e4 c5 2. Nf3 Nc6 3. d4 cxd4 4. Nxd4 g6 5. c4 Nf6 6. Nc3 d6 7. Be2 Nxd4
8. Qxd4 Bg7 9. Be3 O-O 10. Qd2 Be6 11. Rc1 Qa5 12. O-O Rfc8 13. b3 a6 14. f3 b5
15. cxb5 axb5 16. Nxb5 Qxd2 17. Rxc8+ Bxc8 18. Bxd2 Ra7 19. Rd1 Nd7 20. Bf1 Nc5
21. b4 Na4 22. Be3 Rb7 23. Na7 Be6 24. Nc6 Bf6 25. e5 Bb3 26. exf6 1-0

[Event "PohÃ¡r mÄ›sta Å˜Ã­Ä�any 2020"]
[Site "MÄ›stskÃ© kulturnÃ­ stÅ™edisko U labutÄ›"]
[Date "2020.08.24"]
[Round "4.7"]
[White "Zizka, Petr"]
[Black "Ocelak, Jakub"]
[Result "1/2-1/2"]
[WhiteElo "2046"]
[BlackElo "1949"]
[PlyCount "0"]
[EventDate "2020.08.22"]

1. b3 e5 2. Bb2 Nc6 3. e3 g6 4. Nf3 Bg7 5. d4 e4 6. Nfd2 f5 7. c4 d6 8. Nc3 Nf6
9. a3 O-O 10. Qc2 Re8 11. Be2 f4 12. O-O-O Bf5 13. Rdg1 Nxd4 14. exd4 e3 15. Bd3
exd2+ 1/2-1/2

[Event "PohÃ¡r mÄ›sta Å˜Ã­Ä�any 2020"]
[Site "MÄ›stskÃ© kulturnÃ­ stÅ™edisko U labutÄ›"]
[Date "2020.08.24"]
[Round "4.8"]
[White "Hadrava, Jaroslav"]
[Black "Rut, Vojtech"]
[Result "1/2-1/2"]
[WhiteElo "1883"]
[BlackElo "2043"]
[PlyCount "0"]
[EventDate "2020.08.22"]

1. e4 c6 2. d4 d5 3. exd5 cxd5 4. c4 Nf6 5. Nc3 Nc6 6. Nf3 Bg4 7. cxd5 Nxd5
8. Bc4 e6 9. O-O Nb6 10. Be2 Be7 11. Ne5 Bxe2 12. Nxc6 Bxd1 13. Nxd8 Rxd8
14. Rxd1 O-O 15. Be3 Rd7 16. d5 Nxd5 17. Nxd5 Rxd5 18. Rxd5 exd5 19. Bxa7 Bf6
20. Bc5 Rc8 21. Be3 Bxb2 22. Rd1 d4 23. Bf4 f6 24. h4 Ra8 25. Rd2 Rxa2 26. Kh2
b5 27. Bd6 Ra6 28. Rxb2 Rxd6 29. Rxb5 d3 30. Rb1 Kf7 31. g3 Ke6 32. Kg2 Kd5
33. Kf1 Ke4 34. Re1+ Kd5 35. Re7 Kd4 36. Ke1 g5 37. hxg5 f5 38. Rf7 Kd5 39. Rxh7
Re6+ 40. Kd1 Re2 41. Rd7+ Ke4 42. f3+ 1/2-1/2

[Event "PohÃ¡r mÄ›sta Å˜Ã­Ä�any 2020"]
[Site "MÄ›stskÃ© kulturnÃ­ stÅ™edisko U labutÄ›"]
[Date "2020.08.24"]
[Round "4.9"]
[White "Horak, Jan"]
[Black "Vavrinec, Tomas"]
[Result "1/2-1/2"]
[WhiteElo "2029"]
[BlackElo "1927"]
[PlyCount "0"]
[EventDate "2020.08.22"]

1. d4 e6 2. Nf3 c5 3. e3 Nf6 4. Bd3 Nc6 5. a3 b6 6. O-O Be7 7. Nbd2 O-O 8. b3
Bb7 9. Bb2 Rc8 10. Rc1 Rc7 11. Ne5 cxd4 12. exd4 d6 13. Nef3 d5 14. Ne5 Nxe5
15. dxe5 Ne4 16. Nf3 Qc8 17. Nd4 Ba6 18. Nb5 Bxb5 19. Bxb5 Nc3 20. Bxc3 Rxc3
21. a4 Ba3 22. Ra1 Be7 23. Bd3 Qc7 24. Qe2 Bc5 25. Rae1 Qe7 26. Qg4 h6 27. Re2
Qg5 28. Qxg5 hxg5 29. g3 g6 30. Kg2 Kg7 31. Kf3 Rh8 32. Kg2 Bd4 33. f4 gxf4
34. Rxf4 Bc5 35. h4 Rh5 36. Kh3 Ba3 37. g4 Rh8 1/2-1/2

[Event "PohÃ¡r mÄ›sta Å˜Ã­Ä�any 2020"]
[Site "MÄ›stskÃ© kulturnÃ­ stÅ™edisko U labutÄ›"]
[Date "2020.08.24"]
[Round "4.10"]
[White "Lhotsky, Zdenek"]
[Black "Rehak, Martin"]
[Result "0-1"]
[WhiteElo "1831"]
[BlackElo "2023"]
[PlyCount "0"]
[EventDate "2020.08.22"]

1. e4 c5 2. Nf3 Nc6 3. d4 cxd4 4. Nxd4 Nf6 5. Nc3 e5 6. Ndb5 d6 7. Bg5 a6
8. Na3 b5 9. Nd5 Be7 10. Bxf6 Bxf6 11. c3 O-O 12. Nc2 Rb8 13. h4 g6 14. Bd3 Bxh4
15. Qf3 Bg5 16. g4 Kg7 17. Nce3 Ne7 18. Ke2 Nxd5 19. Nxd5 Be6 20. Ne3 Rb7
21. Rhg1 Qf6 22. Qxf6+ Kxf6 23. a4 bxa4 24. Ra3 Rxb2+ 25. Kf3 Rc8 26. Nd1 Rb3
27. Rxa4 Bd2 28. Rxa6 Bxc3 29. Ra7 Bb4 30. Rb7 Bc5 31. Ke2 Bxg4+ 32. f3 Bxf3+
33. Kxf3 Rxd3+ 0-1

[Event "PohÃ¡r mÄ›sta Å˜Ã­Ä�any 2020"]
[Site "MÄ›stskÃ© kulturnÃ­ stÅ™edisko U labutÄ›"]
[Date "2020.08.24"]
[Round "4.11"]
[White "Hejsek, Lukas"]
[Black "Maslo, Ondrej"]
[Result "1/2-1/2"]
[WhiteElo "1991"]
[BlackElo "1834"]
[PlyCount "0"]
[EventDate "2020.08.22"]

1. d4 Nf6 2. Nf3 g6 3. g3 Bg7 4. Bg2 O-O 5. O-O d5 6. c4 c6 7. Qb3 Nbd7 8. cxd5
cxd5 9. Nc3 Nb6 10. Bf4 Ne4 11. Rad1 Bd7 12. a4 Nxc3 13. bxc3 Qe8 14. a5 Ba4
15. Qb4 Bxd1 16. axb6 Bxe2 17. bxa7 Bc4 18. Nd2 Ba6 19. Qb6 Qd8 20. Bc7 Qd7
21. Nb3 Rfc8 22. Bb8 Qd8 1/2-1/2

[Event "PohÃ¡r mÄ›sta Å˜Ã­Ä�any 2020"]
[Site "MÄ›stskÃ© kulturnÃ­ stÅ™edisko U labutÄ›"]
[Date "2020.08.24"]
[Round "4.12"]
[White "Kacirek, Pavel"]
[Black "Hrdina, Robin"]
[Result "1/2-1/2"]
[WhiteElo "1778"]
[BlackElo "2243"]
[PlyCount "0"]
[EventDate "2020.08.22"]

1. d4 d5 2. c4 e6 3. Nc3 Nf6 4. cxd5 Nxd5 5. e4 Nxc3 6. bxc3 Be7 7. Nf3 O-O
8. Bd3 b6 9. O-O Bb7 10. Qc2 c5 11. e5 h6 12. Be4 Nc6 13. Rd1 Qc7 14. Bf4 Rfd8
15. d5 exd5 16. Bxd5 Rxd5 17. Rxd5 Nb4 18. cxb4 Bxd5 19. bxc5 bxc5 20. Nd2 Qd7
21. h3 Qc6 22. f3 c4 23. Ne4 Bxe4 24. Qxe4 Qxe4 25. fxe4 Rc8 26. Rc1 Bg5
27. Bxg5 hxg5 28. Kf2 Kf8 29. Ke3 Ke7 30. Kd4 Rd8+ 31. Kc3 Ke6 32. Rf1 Rd7
33. Kxc4 Kxe5 34. Rf5+ Kxe4 35. Rxg5 f6 36. Rg3 f5 37. Rg6 f4 38. h4 Ke3 39. a4
Kf2 40. Rg4 Ke3 41. Rg6 Kf2 42. Rg4 1/2-1/2

[Event "PohÃ¡r mÄ›sta Å˜Ã­Ä�any 2020"]
[Site "MÄ›stskÃ© kulturnÃ­ stÅ™edisko U labutÄ›"]
[Date "2020.08.24"]
[Round "4.13"]
[White "Stanek, Ondrej"]
[Black "Skala, Jaromir"]
[Result "1-0"]
[WhiteElo "2074"]
[BlackElo "1891"]
[PlyCount "0"]
[EventDate "2020.08.22"]

1. e4 e5 2. Nf3 Nc6 3. Bb5 a6 4. Bxc6 dxc6 5. O-O Bg4 6. h3 h5 7. d3 Qf6
8. Nbd2 g5 9. Nc4 Bxf3 10. Qxf3 Qxf3 11. gxf3 f6 12. h4 g4 13. f4 exf4 14. Bxf4
O-O-O 15. Bd2 Bc5 16. Be3 Bd6 17. Bd4 Bf4 18. Bc3 Rh6 19. Ne3 Ne7 20. Rae1 Rg8
21. Nf5 Nxf5 22. exf5 g3 23. f3 g2 24. Rf2 Bg3 25. Rxg2 Rhh8 26. Re4 Bd6
27. Bxf6 Rxg2+ 28. Kxg2 Rf8 29. Be7 Rxf5 30. Bxd6 cxd6 31. Re7 a5 32. Rg7 Rb5
33. b3 Rb4 34. Kg3 a4 35. Rg5 a3 36. Ra5 Rd4 37. Rxa3 Kb8 38. Ra4 Rd5 39. Re4 b5
40. f4 Kc7 41. a4 Rc5 42. axb5 Rxc2 43. Rc4 Rd2 44. Rxc6+ 1-0

[Event "PohÃ¡r mÄ›sta Å˜Ã­Ä�any 2020"]
[Site "MÄ›stskÃ© kulturnÃ­ stÅ™edisko U labutÄ›"]
[Date "2020.08.24"]
[Round "4.15"]
[White "Kubice, Jakub"]
[Black "Lhotsky, Frantisek"]
[Result "0-1"]
[WhiteElo "1724"]
[BlackElo "1975"]
[PlyCount "0"]
[EventDate "2020.08.22"]

1. d4 d5 2. Nf3 Nf6 3. c4 c6 4. Qb3 a6 5. g3 b5 6. cxb5 cxb5 7. Bg2 Nc6 8. O-O
Bg4 9. Rd1 Bxf3 10. Bxf3 e6 11. a3 Be7 12. e3 O-O 13. Bd2 Qb6 14. Bb4 Nxb4
15. axb4 Qd6 16. Be2 Qxb4 17. Qxb4 Bxb4 18. Nd2 Bxd2 19. Rxd2 Rfc8 20. b4 Ne4
21. Rb2 Nc3 22. Bd3 Rc6 23. Kg2 Rac8 24. Rc2 Na4 25. Rca2 Kf8 26. Ra3 Rc3
27. Rxa4 bxa4 28. Bxa6 Ra8 29. Rxa4 Rb3 30. b5 Ke7 31. h4 Rb2 32. g4 Ra7 33. Kg3
Rc7 34. Ra1 Rcc2 35. Rf1 f6 36. b6 Rc6 37. Bd3 h6 38. h5 Rcxb6 39. Bg6 e5
40. Rd1 Kd6 41. Bf7 R6b5 42. Bg8 R2b4 43. dxe5+ fxe5 44. Bh7 Rb8 45. Rd2 Rd8
46. Ra2 Rb7 47. Bf5 Kc5 48. Rc2+ Kb5 49. Kh4 Ka4 50. Rd2 d4 51. exd4 exd4 52. f3
Rc7 53. Kg3 Rc3 54. Kf4 Kb4 55. Be4 Kc4 56. Kf5 d3 57. Kg6 Rd7 58. Bf5 Re7
59. f4 Kd4 60. g5 hxg5 61. fxg5 Rc6+ 62. Kh7 g6+ 63. Kg8 gxf5 0-1

[Event "PohÃ¡r mÄ›sta Å˜Ã­Ä�any 2020"]
[Site "MÄ›stskÃ© kulturnÃ­ stÅ™edisko U labutÄ›"]
[Date "2020.08.24"]
[Round "4.16"]
[White "Pejrimovska, Viola Ruby"]
[Black "Cermak, Jan"]
[Result "1-0"]
[WhiteElo "1569"]
[BlackElo "1971"]
[PlyCount "0"]
[EventDate "2020.08.22"]

1. e4 e5 2. Nf3 Nf6 3. Nc3 Nc6 4. d4 exd4 5. Nd5 Nxd5 6. exd5 Bb4+ 7. Bd2 Qe7+
8. Be2 d3 9. cxd3 Ne5 10. O-O Bd6 11. Nxe5 Qxe5 12. g3 O-O 13. Bc3 Qxd5 14. Bf3
Qg5 15. Re1 c6 16. Re4 b5 17. Rd4 Bc7 18. Be4 d5 19. f4 Bxf4 {zapis necitelny}
1-0